000 00923cam a2200265 a 4500
001
003 DO-SdBNP
005 20240119070749.0
008 080613s2007 xx b 000 0 spa
020 _a978141435874
040 _aBPMSU
_bspa
_cBPMSU
082 4 _a306.872
_bC466c 2007
_222
100 1 _aChapman, Gary D.,
_d1938-
245 1 4 _aCuidando su hogar :
_bla guía Chapman para mejorar las relaciones con su cónyuge /
_cGary D. Chapman.
260 _aCarol Stream, Ill. :
_bTyndale House Publishers,
_c2007
300 _ax, 115 p. ;
_c19 cm.
504 _aIncluye referencias bibliográficas y notas al pie de las páginas
590 _aInventariado, 2024/VM
650 4 _aAmor
_x
650 4 _aConvivencia
650 4 _aRelaciones de pareja
856 4 1 _3Table of contents only
_uhttp://www.loc.gov/catdir/toc/ecip0821/2008026118.html
910 _aVMateo V. Control de calidad BPMSU
942 _2ddc
_cBK
999 _c14535
_d14535